00723nam a22002057a 450000500170000001000150001702000260003203500140005803700090007208200140008110000360009524500620013125000060019326000340019927000640023330000210029794200250031899900190034395201550036220250724153330.0 aENG-146138 c450.00a9788119524198 aEN-129670 bDBAD a954.5221 aChaudhuri, Santanu Sinha983318 aFragments of an Unbroken Mirror/cSantanu Sinha Chaudhuri a1 aKolkatabExceller Booksc2025 aG1 Dream Apartment, Degree College Roadb Belgharia,Kolkata a227p. c21cm(pb) 2ddccENmCHAh954.52 c212594d212594 001040708NFICaJPbJPd2025-07-24eDelivery of Books Act Divisiong450.00l0oCHA 954.52pEN-129670r2025-07-24 00:00:00t1v450.00w2025-07-24yEN